Motorreductores r-s
Αποθηκεύτηκε σε:
| Συγγραφή απο Οργανισμό/Αρχή: | |
|---|---|
| Μορφή: | Βιβλίο |
| Γλώσσα: | Ισπανικά |
| Έκδοση: |
Santiago
SEW Eurodrive
2003
|
| Σειρά: | Catálogo 2003-2004
|
| Θέματα: | |
| Ετικέτες: |
Προσθήκη ετικέτας
Δεν υπάρχουν, Καταχωρήστε ετικέτα πρώτοι!
|
MARC
| LEADER | 00000nam a2200000 a 4500 | ||
|---|---|---|---|
| 001 | UCK3783 | ||
| 003 | CL-VaPUC | ||
| 008 | 050506e20030000CL |||||||||||||||||spa|d | ||
| 082 | 0 | 4 | |a 621.46 |b SEW |2 21 |
| 110 | 2 | |a SEW Eurodrive Chile Limitada |e author |9 492157 | |
| 245 | 1 | 0 | |a Motorreductores r-s |
| 300 | |a Pág. irreg | ||
| 942 | |c BK | ||
| 945 | |d 20050506 00:00:00 |a jcarroza | ||
| 260 | |a Santiago |b SEW Eurodrive |c 2003 | ||
| 650 | 0 | |a Motores eléctricos |9 260085 | |
| 650 | 0 | |a Catálogos |9 256258 | |
| 583 | |a last modification |c 20050506 00:00:00 |k Rodrigo Vera | ||
| 490 | 0 | |a Catálogo 2003-2004 | |
| 999 | |c 312876 |d 312874 | ||